Timing of Election Activity Reporting Requirements : Chart Comparing Reporting Under the IRC and FECA.

Compares the timing of election activity reporting requirements imposed on organizations involved in Federal election activities and receiving limited tax-exempt status under section 527 of the Internal Revenue Code of 1986 to requirements imposed on political committees under the Federal Election C...

Full description

Bibliographic Details
Corporate Authors: Library of Congress. Congressional Research Service, ProQuest (Firm)
Format: eBook
Language:English
Published: [Place of publication not identified] : [publisher not identified], 2005.
Series:U.S. Congressional Research.
Subjects:
Online Access:Connect to the full text of this electronic book

MARC

Tag First Indicator Second Indicator Subfields
LEADER 00000cam a22000001a 4500
001 in00003311321
006 m d f
007 cr bn mmmapmmp
008 101203s2005 dcu o f000 0 eng d
005 20260430203103.6
035 |a cis2007847623 
040 |a ProQuest  |c ProQuest  |d UtOrBLW 
043 |a n-us--- 
099 |a CRS-2005-AML-0299 
110 2 |a Library of Congress.  |b Congressional Research Service. 
245 1 0 |a Timing of Election Activity Reporting Requirements :  |b Chart Comparing Reporting Under the IRC and FECA. 
264 1 |a [Place of publication not identified] :  |b [publisher not identified],  |c 2005. 
300 |a 1 online resource. 
336 |a text  |b txt  |2 rdacontent 
337 |a computer  |b c  |2 rdamedia 
338 |a online resource  |b cr  |2 rdacarrier 
500 |a Record is based on bibliographic data in ProQuest U.S. Congressional Research Digital Collection (last viewed Dec. 2010). Reuse except for individual research requires license from ProQuest, LLC. 
500 |a CRS Report. 
520 |a Compares the timing of election activity reporting requirements imposed on organizations involved in Federal election activities and receiving limited tax-exempt status under section 527 of the Internal Revenue Code of 1986 to requirements imposed on political committees under the Federal Election Campaign Act. 
500 |a Electronic resource. 
650 0 |a Administrative law. 
650 0 |a Campaign funds. 
650 0 |a Elections. 
655 7 |a Electronic books.  |2 local 
710 2 |a ProQuest (Firm) 
776 0 8 |i Microfiche version:   |a Library of Congress. Congressional Research Service.  |t Timing of Election Activity Reporting Requirements 
830 0 |a U.S. Congressional Research. 
856 4 0 |u http://proxy.library.tamu.edu/login?url=https://congressional.proquest.com/congcomp/getdoc?CRDC-ID=CRS-2005-AML-0299  |z Connect to the full text of this electronic book  |t 0 
999 |a MARS 
999 f f |s 8bf08544-d2f2-35f6-82ce-6e9888290f85  |i ac1507a8-5a60-3251-b609-5b5380b9447a  |t 0 
952 f f |a Texas A&M University  |b College Station  |c Electronic Resources  |s www_evans  |d Available Online  |t 0  |e CRS-2005-AML-0299  |h Other scheme 
998 f f |a CRS-2005-AML-0299  |t 0  |l Available Online